My First Classical Music Book/ (Record no. 49652)
| 000 -LEADER | |
|---|---|
| fixed length control field | 00960nam a2200121 4500 |
| 020 ## - INTERNATIONAL STANDARD BOOK NUMBER | |
| International Standard Book Number | 9781843791188 |
| 100 ## - MAIN ENTRY--PERSONAL NAME | |
| Personal name | Helsby, Genevieve, |
| Relator term | author. |
| 9 (RLIN) | 86781 |
| 245 ## - TITLE STATEMENT | |
| Title | My First Classical Music Book/ |
| Statement of responsibility, etc | by Genevieve Helsby, Illustrated by Jason Chapman. |
| 260 ## - PUBLICATION, DISTRIBUTION, ETC. (IMPRINT) | |
| Place of publication, distribution, etc | US. ; |
| Name of publisher, distributor, etc | Naxos Books: |
| Date of publication, distribution, etc | 2009. |
| 300 ## - PHYSICAL DESCRIPTION | |
| Extent | 64 pages. |
| Dimensions | 10 x 0.5 x 10.5 inches. |
| 500 ## - GENERAL NOTE | |
| General note | My First Classical Music Book is a delightfully colorful introduction to classical music, designed to fire the imagination of children aged 5-7 years. Readers are asked to think about the different places in which we might hear music. Then, each of the major composers and musical instrument families are introduced and brought to life in a vivid and enchanting way. Throughout the book, children are referred to the accompanying audio CD so that they can hear examples as they read. This is the most exceptional book of its kind, providing an absorbing experience for both eyes and ears. |
| 942 ## - ADDED ENTRY ELEMENTS (KOHA) | |
| Source of classification or shelving scheme | |
| Koha item type | Book |
| Withdrawn status | Lost status | Source of classification or shelving scheme | Damaged status | Not for loan | Home library | Current library | Date acquired | Total Checkouts | Full call number | Barcode | Checked out | Date last seen | Date checked out | Price effective from | Koha item type |
|---|---|---|---|---|---|---|---|---|---|---|---|---|---|---|---|
| Logos International School | Logos International School | 10/13/2025 | 1 | J 784.2 HEL | 041817 | 03/25/2026 | 03/05/2026 | 03/05/2026 | 10/13/2025 | Book |